Учись кататься на горных лыжах

Bibliografiset tiedot
Päätekijä: Дадукевич В. В. Вячеслав Витальевич
Yhteenveto:Исключено из фонда НТБ ТПУ
Kieli:venäjä
Julkaistu: Киев, Здоров",я, 1986
Aineistotyyppi: MixedMaterials Kirja
KOHA link:https://koha.lib.tpu.ru/cgi-bin/koha/opac-detail.pl?biblionumber=130443

MARC

LEADER 00000nam0a2200000 4500
001 130443
005 20231031133909.0
020 |a RU  |b 86-68731 
035 |a (RuTPU)RU\TPU\book\141278 
090 |a 130443 
100 |a 20080204d1986 m y0rusy5003 ca 
101 0 |a rus 
102 |a UA 
105 |a y z 000zy 
200 1 |a Учись кататься на горных лыжах  |f В. В. Дадукевич 
210 |a Киев  |c Здоров",я  |d 1986 
215 |a 64 с.  |c ил. 
333 |a Исключено из фонда НТБ ТПУ 
700 1 |a Дадукевич  |b В. В.  |g Вячеслав Витальевич 
801 0 |a RU  |b RuMRKP  |c 19950704  |g psbo 
801 1 |a RU  |b 63413507  |c 20080204  |g PSBO 
801 2 |a RU  |b 63413507  |c 20220616  |g PSBO 
942 |c BK